Productivity of factors in the enlarged EU

Skúmanie produktivity výrobných činiteľov v krajinách EÚ -15 vo vybraných nových členských krajinách. Medzinárodné porovnanie ukazuje, že Slovensko významne zaostáva za krajinami EÚ-15 v produktivite pôdy a práce, ale je pomerne konkurencieschopné. pokiaľ ide o produktivitu fixného a variabilného ka...

Ausführliche Beschreibung

Gespeichert in:
Bibliographische Detailangaben
1. Verfasser: Blaas, Gejza
Format: Buchkapitel
Sprache:Englisch
Schlagworte:
Tags: Tag hinzufügen
Keine Tags, Fügen Sie das erste Tag hinzu!

MARC

LEADER 00000naa$a2200000$$$4500
001 0023813
005 20231113140742.9
041 0 |a eng 
044 |a CZ 
245 1 0 |a Productivity of factors in the enlarged EU  |c Gejza Blaas 
520 |a Skúmanie produktivity výrobných činiteľov v krajinách EÚ -15 vo vybraných nových členských krajinách. Medzinárodné porovnanie ukazuje, že Slovensko významne zaostáva za krajinami EÚ-15 v produktivite pôdy a práce, ale je pomerne konkurencieschopné. pokiaľ ide o produktivitu fixného a variabilného kapitálu. Kvôli získaniu porovnateľných údajov sú použité upravené hodnoty poľnohospodárskej produkcie, vykazované v ekonomických účtoch poľnohospodárstva. Úprava spočíva vo vylúčení vplyvu výrobných dotácií a trhovej intervencie na ocenenie produkcie. 
610 2 0 |a produktivita 
610 2 0 |a pôda 
610 2 0 |a využitie pôdy 
610 2 0 |a faktory výrobné 
610 2 0 |a porovnanie medzinárodné 
610 2 0 |a Slovensko 
610 2 0 |a konkurencieschopnosť 
610 2 0 |a Európska únia 
100 1 |a Blaas, Gejza